Responses for show #2879 - Thursday, February 20, 1997

Grace Veach game 4.

Contestants

Erik Cansler, a student & writer from Fort Collins, Colorado

Julie Connery, a writer & editor from San Francisco, California

Grace Veach, a librarian from Decatur, Illinois (whose 3-day cash winnings total $30,200)

Jeopardy! Round responses

U.S. HISTORY
PHOBIAS
FAMILIAR PHRASES
THE SOUTH
WINE
SINGERS "R" US
    $100 3
Iran

Julie
    $100 1
bridges

Grace
    $100 14
money

Julie
    $100 11
Little Rock

Grace
    $100 26
Italy

Erik
    $100 17
Lionel Richie

Grace
    $200 4
Harry S. Truman

Grace
    $200 2
the cold

Julie
    $200 22
sticky wicket

Grace
    $200 12
Jackson

Erik
    $200 27
Germany

Grace
    $200 18
Smokey Robinson

Julie
    $300 5
Secretary of Defense

Erik
    $300 8
chickens

Grace
    $300 23
a rabbit

Julie
    $300 13
Louisiana

Grace
    $300 28
Ohio

Grace
    $300 19
Diana Ross

Grace
    $400 6
John Brown

Erik
    $400 9
shadow

Grace
    $400 24
shoulders

Grace
    $400 15
Mobile

Julie
    $400 29
Chateau Lafite Rothschild

Julie
    $400 20
Otis Redding

Julie
    $500 7
Sherman Anti-Trust Act

Erik
    $500 10
(Alex: Strange to have a Daily Double in a Phobias category, but that's the way it is!)

Samson (he was afraid of having his hair cut)

Grace
    $500 25
darken

Grace
    $500 16
Shenandoah Valley

Erik
    $500 30
port

Erik
    $500 21
Linda Ronstadt

Grace

Scores at the first commercial break (after clue 13):

Grace Julie Erik
$1,900 $300 $1,400

Scores at the end of the Jeopardy! Round:

Grace Julie Erik
$4,400 $2,100 $2,500

Double Jeopardy! Round responses

ASIAN GEOGRAPHY
ACTRESSES
SHIPS
1897
AMERICAN RESTAURANTS
AUTHORS ON AUTHORS
    $200 19
Istanbul

Grace
    $200 1
Demi Moore

Grace
    $200 6
the Mayflower

Erik
    $200 29
[buzzer sounds to end the round]

Jell-O

Grace
    $200 14
Paul Prudhomme

Erik
    $200 9
F. Scott Fitzgerald

Grace
    $400 20
(Erik: What is Japan?)
....
(Alex: Erik, you gave me the country instead of the island; there are many islands in Japan)

Honshu

Erik
Triple Stumper
    $400 2
Jamie Lee Curtis

Grace
    $400 7
the Lusitania

Julie
    $400 17
Sacramento

Grace
    $400 10
Oscar Wilde

Grace
    $600 21
Tigris & Euphrates

Erik
    $600 3
Audrey Hepburn

Grace
    $600 8
The Half Moon

Triple Stumper
    $600 22
Elijah Muhammad

Erik
    $600 18
Chocolate

Grace
    $600 11
E.E. Cummings

Grace
    $800 25
(Erik: What is Vietnam?)

Cambodia

Erik
Triple Stumper
    $800 4
Betty Buckley

Triple Stumper
    $800 15
Calypso

Erik
    $800 23
Trans-Siberian Railway

Julie
    $800 27
Treasure Island

Triple Stumper
    $1,000 12
Dorothy Parker

Grace
    $1,000 26
(Grace: What are Kazakhstan & Turkmenistan?)
....
(Alex: We have less than a minute to deal with those four remaining clues up there.)

(2 of 4) Pakistan, Tajikistan, Turkmenistan & Uzbekistan

Grace
    $1000 5
Miranda Richardson

Erik
    $1000 16
(Julie: What are the Santa Maria & Pinta?)

Nina & Pinta

JulieErik
    $1000 24
(Julie: Who is Picasso?)

Henri Rousseau

GraceJulie
    $1000 28
Kauai

Grace
    $1000 13
P.G. Wodehouse

Julie

Scores at the end of the Double Jeopardy! Round:

Grace Julie Erik
$10,200 $2,300 $5,700

[wagering suggestions for these scores]

Final Jeopardy! Round responses

HANDICRAFTS
(Alex: Ah, something we're going to be doing with our hands, probably!)
(V&A - Victoria & Albert Museum)
JulieWhat is a tapestry?
$2,300
ErikWhat is the Bayeux Tapestry?
$5,700
GraceWhat is the Bayeux Tapestry?
$1,201
The Bayeux Tapestry

Final scores:

Grace Julie Erik
$11,401 $0 $11,400
4-day champion: $41,601 3rd place: Pierre Cardin Classique Watches 2nd place: Trip to Braco Village Resort, Jamaica

Game dynamics:

Coryat scores:

Grace Julie Erik
$11,000 $2,300 $5,700
28 R
(including 2 DDs),
1 W
(including 1 DD)
11 R,
2 W
14 R,
2 W

Combined Coryat: $19,000

The J! Archive is created by fans, for fans. The Jeopardy! game show and all elements thereof, including but not limited to copyright and trademark thereto, are the property of Jeopardy Productions, Inc. and are protected under law. This website is not affiliated with, sponsored by, or operated by Jeopardy Productions, Inc. Join the discussion at JBoard.tv.